000 00374nam a2200157Ia 4500
008 221030s9999 xx 000 0 und d
020 _a812190210X
041 _aEnglish
082 _a105.23
_bMur
100 _aR. Murugeshan
245 0 _aModern Physics
_cby R. Murugeshan
260 _bS.Chand & Co.
_aNew Delhi
_c2001
300 _a841
650 _aPhysics
942 _cBK
999 _c3128
_d3128